[Event "msr26ss"]
[Site "?"]
[Date "2026.03.26"]
[Round "2.22"]
[White "Gondzur, Michal"]
[Black "Geletka, Tomas"]
[Result "0-1"]
[BlackElo "1946"]
[WhiteElo "1647"]
[LiveChessVersion "1.4.8"]

1. e4 {[%clk 0:10:03]} c6 {[%clk 0:10:02]} 2. d4 {[%clk 0:10:03]} d5
{[%clk 0:10:03]} 3. Nc3 {[%clk 0:10:03]} dxe4 {[%clk 0:10:03]} 4. Nxe4
{[%clk 0:10:04]} Nf6 {[%clk 0:10:04]} 5. Ng3 {[%clk 0:10:04]} h5 {[%clk 0:09:58]}
6. h4 {[%clk 0:09:47]} c5 {[%clk 0:09:47]} 7. Nf3 {[%clk 0:09:35]} Bg4
{[%clk 0:09:47]} 8. Be3 {[%clk 0:09:06]} cxd4 {[%clk 0:09:29]} 9. Bxd4
{[%clk 0:08:56]} Nc6 {[%clk 0:09:28]} 10. Bb5 {[%clk 0:08:14]} Qa5+
{[%clk 0:09:26]} 11. Bc3 {[%clk 0:07:49]} Qxb5 {[%clk 0:09:26]} 12. Qe2
{[%clk 0:07:33]} Qxe2+ {[%clk 0:09:24]} 13. Kxe2 {[%clk 0:07:33]} e6
{[%clk 0:09:15]} 14. Bxf6 {[%clk 0:07:14]} gxf6 {[%clk 0:09:15]} 15. Ne4
{[%clk 0:07:15]} Be7 {[%clk 0:08:59]} 16. c3 {[%clk 0:07:04]} O-O-O
{[%clk 0:08:56]} 17. Ke3 {[%clk 0:06:55]} f5 {[%clk 0:08:41]} 18. Neg5
{[%clk 0:06:48]} Bxf3 {[%clk 0:08:25]} 19. Nxf3 {[%clk 0:06:32]} f6
{[%clk 0:08:13]} 20. b4 {[%clk 0:06:32]} Ne5 {[%clk 0:08:10]} 21. Nd4
{[%clk 0:06:29]} Rd6 {[%clk 0:07:11]} 22. a4 {[%clk 0:06:12]} a6 {[%clk 0:07:07]}
23. b5 {[%clk 0:06:09]} Kd7 {[%clk 0:06:57]} 24. Rhb1 {[%clk 0:06:02]} Rc8
{[%clk 0:06:51]} 25. bxa6 {[%clk 0:05:24]} Rxc3+ {[%clk 0:06:44]} 26. Kd2
{[%clk 0:05:17]} Rd3+ {[%clk 0:06:34]} 27. Ke2 {[%clk 0:05:17]} bxa6
{[%clk 0:06:29]} 28. Rb7+ {[%clk 0:05:11]} Ke8 {[%clk 0:06:22]} 29. Nf3
{[%clk 0:04:26]} Nxf3 {[%clk 0:06:22]} 30. gxf3 {[%clk 0:04:27]} Rd2+
{[%clk 0:06:21]} 31. Ke1 {[%clk 0:04:21]} Rd7 {[%clk 0:06:04]} 32. Rb6
{[%clk 0:04:15]} R2d6 {[%clk 0:06:04]} 33. Rb8+ {[%clk 0:04:16]} Kf7
{[%clk 0:06:05]} 34. Rc1 {[%clk 0:04:01]} Rd4 {[%clk 0:05:53]} 35. Rcc8
{[%clk 0:03:49]} e5 {[%clk 0:05:22]} 36. a5 {[%clk 0:03:40]} Bb4+
{[%clk 0:05:07]} 37. Kf1 {[%clk 0:03:40]} Bxa5 {[%clk 0:05:08]} 38. Rf8+
{[%clk 0:03:36]} Ke6 {[%clk 0:05:03]} 39. Rbe8+ {[%clk 0:03:35]} Re7
{[%clk 0:05:02]} 40. Ra8 {[%clk 0:03:33]} Rd6 {[%clk 0:04:52]} 41. Rh8
{[%clk 0:03:32]} Bd2 {[%clk 0:04:09]} 42. Rxh5 {[%clk 0:03:29]} a5
{[%clk 0:04:09]} 43. Rhh8 {[%clk 0:03:28]} Kd5 {[%clk 0:03:28]} 44. h5
{[%clk 0:03:23]} Rdd7 {[%clk 0:03:25]} 45. Ke2 {[%clk 0:03:23]} Kc4
{[%clk 0:02:57]} 46. Rac8+ {[%clk 0:03:20]} Kb3 {[%clk 0:02:55]} 47. h6
{[%clk 0:03:21]} Bb4 {[%clk 0:02:38]} 48. Rb8 {[%clk 0:03:00]} Rh7
{[%clk 0:02:35]} 49. Ke3 {[%clk 0:02:58]} a4 {[%clk 0:02:28]} 50. f4
{[%clk 0:02:46]} a3 {[%clk 0:02:24]} 51. fxe5 {[%clk 0:02:44]} fxe5
{[%clk 0:02:24]} 52. f4 {[%clk 0:02:45]} exf4+ {[%clk 0:02:20]} 53. Kxf4
{[%clk 0:02:45]} a2 {[%clk 0:02:21]} 0-1

[Event "msr26ss"]
[Site "?"]
[Date "2026.03.26"]
[Round "2.23"]
[White "Lukacin, Simon"]
[Black "Chladek, Adam"]
[Result "1/2-1/2"]
[BlackElo "1539"]
[WhiteElo "1822"]
[LiveChessVersion "1.4.8"]

1. d4 {[%clk 0:10:01]} d5 {[%clk 0:10:02]} 2. Bf4 {[%clk 0:09:57]} Bf5
{[%clk 0:09:55]} 3. e3 {[%clk 0:09:53]} e6 {[%clk 0:09:39]} 4. Nf3
{[%clk 0:09:52]} Bd6 {[%clk 0:09:04]} 5. Bg3 {[%clk 0:09:52]} Nf6
{[%clk 0:09:00]} 6. c4 {[%clk 0:09:33]} c6 {[%clk 0:08:42]} 7. Nc3
{[%clk 0:09:30]} O-O {[%clk 0:08:27]} 8. Bd3 {[%clk 0:08:58]} Bg6
{[%clk 0:08:18]} 9. O-O {[%clk 0:08:23]} Ne4 {[%clk 0:07:49]} 10. Bxe4
{[%clk 0:08:02]} Bxe4 {[%clk 0:07:28]} 11. Nxe4 {[%clk 0:07:51]} dxe4
{[%clk 0:07:27]} 12. Nd2 {[%clk 0:07:51]} f5 {[%clk 0:06:55]} 13. Bxd6
{[%clk 0:07:33]} Qxd6 {[%clk 0:06:55]} 14. f3 {[%clk 0:07:33]} exf3
{[%clk 0:06:39]} 15. Nxf3 {[%clk 0:07:32]} Nd7 {[%clk 0:06:12]} 16. Qb3
{[%clk 0:07:24]} b6 {[%clk 0:05:05]} 17. Rad1 {[%clk 0:06:58]} Nf6
{[%clk 0:04:48]} 18. c5 {[%clk 0:05:43]} bxc5 {[%clk 0:03:55]} 19. dxc5
{[%clk 0:05:43]} Qe7 {[%clk 0:02:57]} 20. Ne5 {[%clk 0:04:54]} Nd5
{[%clk 0:02:18]} 21. Nxc6 {[%clk 0:04:00]} Qxc5 {[%clk 0:02:18]} 22. Rc1
{[%clk 0:03:24]} Qxe3+ {[%clk 0:02:06]} 23. Qc3 Qd3 24. Qxd3 {[%clk 0:03:25]} Ne3
{[%clk 0:02:07]} 25. Rfe1 {[%clk 0:03:20]} Ng4 {[%clk 0:01:19]} 26. Rxe6
{[%clk 0:02:48]} Nf6 {[%clk 0:00:38]} 27. Rce1 {[%clk 0:01:55]} Ne4
{[%clk 0:00:36]} 28. g4 {[%clk 0:01:51]} Nd2 {[%clk 0:00:31]} 29. Ne7+
{[%clk 0:01:40]} Kh8 {[%clk 0:00:30]} 30. Kg2 {[%clk 0:00:39]} fxg4
{[%clk 0:00:30]} 31. Nd5 {[%clk 0:00:25]} Nf3 {[%clk 0:00:28]} 32. R1e4
{[%clk 0:00:24]} Nh4+ {[%clk 0:00:24]} 33. Kg3 {[%clk 0:00:15]} Nf5+
{[%clk 0:00:23]} 34. Kxg4 {[%clk 0:00:14]} Nh6+ {[%clk 0:00:18]} 35. Kg3
{[%clk 0:00:14]} Rad8 {[%clk 0:00:18]} 36. Nf4 {[%clk 0:00:11]} Nf5+
{[%clk 0:00:17]} 37. Kf3 {[%clk 0:00:10]} Nh4+ {[%clk 0:00:16]} 38. Ke3
{[%clk 0:00:10]} Ng6 {[%clk 0:00:08]} 39. Nxg6+ {[%clk 0:00:09]} hxg6
{[%clk 0:00:08]} 40. Rh4+ {[%clk 0:00:09]} Kg8 {[%clk 0:00:10]} 41. Rxg6
{[%clk 0:00:08]} Rde8+ {[%clk 0:00:11]} 42. Kd4 {[%clk 0:00:07]} Rd8+
{[%clk 0:00:11]} 43. Kc5 {[%clk 0:00:08]} Rf5+ {[%clk 0:00:12]} 44. Kc6
{[%clk 0:00:07]} Rc8+ {[%clk 0:00:12]} 45. Kb7 {[%clk 0:00:07]} Rc2
{[%clk 0:00:13]} 46. Rb4 {[%clk 0:00:05]} Rfc5 {[%clk 0:00:11]} 47. Rgg4
{[%clk 0:00:03]} Rc7+ {[%clk 0:00:12]} 48. Ka6 {[%clk 0:00:03]} R2c6+
{[%clk 0:00:13]} 49. Ka5 {[%clk 0:00:05]} Rd6 {[%clk 0:00:09]} 50. Ka6
{[%clk 0:00:06]} Rxa6 {[%clk 0:00:07]} 51. Rge4 {[%clk 0:00:07]} 1/2-1/2

[Event "msr26ss"]
[Site "?"]
[Date "2026.03.26"]
[Round "2.24"]
[White "Molitorisova, Ester"]
[Black "Hudakova, Nina"]
[Result "0-1"]
[BlackElo "1501"]
[WhiteElo "1000"]
[LiveChessVersion "1.4.8"]

1. e4 {[%clk 0:10:02]} e5 {[%clk 0:10:02]} 2. Nf3 {[%clk 0:10:01]} Nc6 3. Nc3
{[%clk 0:09:59]} Nf6 {[%clk 0:10:00]} 4. b3 {[%clk 0:09:58]} Bc5 {[%clk 0:09:53]}
5. Bb2 {[%clk 0:09:52]} O-O {[%clk 0:09:47]} 6. g3 {[%clk 0:09:46]} Re8
{[%clk 0:09:35]} 7. Bg2 {[%clk 0:09:39]} d5 {[%clk 0:09:27]} 8. d3
{[%clk 0:09:16]} d4 {[%clk 0:09:11]} 9. Nd5 {[%clk 0:08:57]} Nxd5
{[%clk 0:08:23]} 10. exd5 {[%clk 0:08:56]} Qxd5 {[%clk 0:08:20]} 11. O-O
{[%clk 0:08:49]} Ne7 {[%clk 0:07:52]} 12. c4 {[%clk 0:08:42]} Qd6
{[%clk 0:07:24]} 13. Re1 {[%clk 0:08:17]} Qg6 {[%clk 0:07:12]} 14. Rxe5
{[%clk 0:07:41]} Bd6 {[%clk 0:06:54]} 15. Rg5 {[%clk 0:07:00]} Qe6
{[%clk 0:05:29]} 16. Bxd4 {[%clk 0:06:48]} Nf5 {[%clk 0:04:37]} 17. g4
{[%clk 0:05:55]} Nxd4 {[%clk 0:04:26]} 18. Nxd4 {[%clk 0:05:45]} Qh6
{[%clk 0:04:18]} 19. Rh5 {[%clk 0:05:22]} Qf4 {[%clk 0:03:56]} 20. Ne2
{[%clk 0:03:35]} Qf6 {[%clk 0:03:33]} 21. Rb5 Rxe2 {[%clk 0:03:14]} 22. Qxe2
{[%clk 0:02:32]} Qxa1+ 23. Bf1 {[%clk 0:02:01]} Bd7 {[%clk 0:02:38]} 24. Rg5
{[%clk 0:01:49]} Qf6 {[%clk 0:02:24]} 25. Rb5 {[%clk 0:01:27]} Bxb5
{[%clk 0:02:07]} 26. cxb5 {[%clk 0:01:27]} Qf4 {[%clk 0:01:55]} 27. h3
{[%clk 0:01:25]} Qh2# {[%clk 0:01:54]} 0-1